Základy práva životného prostredia. 18

Súbor zákonov, vyhlášok a nariadení tvoriacich základy práva životného prostredia. Platná právna regulácia starostlivosti o horniny a nerasty. Právna úprava ochrany nerastov podľa predpisov o ochrane prírody a krajiny.

Guardado en:
Detalles Bibliográficos
Autor principal: Košičiarová, Soňa
Formato: Capítulo de libro
Lenguaje:eslovaco
Materias:
Etiquetas: Agregar Etiqueta
Sin Etiquetas, Sea el primero en etiquetar este registro!

MARC

LEADER 00000naa a2200000 4500
001 r019187
005 20221213101445.4
041 0 |a slo 
044 |a SK 
245 1 0 |a Základy práva životného prostredia. 18  |c Soňa Košičiarová 
520 |a Súbor zákonov, vyhlášok a nariadení tvoriacich základy práva životného prostredia. Platná právna regulácia starostlivosti o horniny a nerasty. Právna úprava ochrany nerastov podľa predpisov o ochrane prírody a krajiny. 
610 2 0 |a právo ochrany prostredia 
610 2 0 |a zákony 
610 2 0 |a Slovensko 
610 2 0 |a 1992-1994 
610 2 0 |a nerasty 
610 2 0 |a ochrana prírody 
610 2 0 |a predpisy právne 
100 1 |a Košičiarová, Soňa